000
00236nam a22000857a 4500
999
_c
11393
_d
11393
008
190411b ||||| |||| 00| 0 eng d
020
_a
9788183505994
100
_9
7125
_a
ARORA PREETI ET AL
245
_a
COMPUTER SCIENCE WITH C ++ VOLUME I -XII